00998nam a2200301 a 450000100060000000300080000600500170001400600190003100700150005000800410006502000180010603500210012404000300014505000190017508000060019408200120020010000240021224501360023626000630037230000110043558800830044665000250052965000220055465000160057665300140059265500270060685600630063337026FINmELB20241216221451.0m o d | cr cn|||||||||201008r2007 mx s 000 0 spa d z9789703604227 a(OCoLC)752268858 aFINmELBcFINmELBdFINmELB 4aB29bG246 2007 a104a1002221 aGasca Salas, Jorge.10aPensar la ciudadh[recurso electronico] :bentre ontología y hombre: pautas desde hitos de Marx y Heidegger /cJorge Gasca Salas. aMéxico D. F. :bInstituto Politécnico Nacional,c2007. a362 p. aDescripción basada en metadatos suministrados por el editor y otras fuentes. 4aFilosofíaxCiudad. 4aCities and towns. 4aPhilosophy. aFilosofia 4aLibros electrónicos.40uhttps://elibro.net/ereader/politecnicointernacional/104770